000 nam a22 7a 4500
999 _c139123
_d139121
005 20180314100818.0
008 180314b nyu||||| |||| 00| 0 eng d
020 _a0071439595
050 0 4 _aHM1211
_bH64 2005
100 1 _aHofstede, Geert
245 1 0 _aCultures and organizations
_b: software of the mind
_c/ Geert Hofstede and Gert Jan Hofstede.
250 _a1a ed.
260 _aNew York :
_bMcGraw-Hill,
_cc2005
300 _axii, 434 p. ;
_c23 cm.
504 _aBibliogrfafía : p. 405-421
504 _aIncluye indices
650 7 _2lemb
_aComunicación intercultural
650 7 _2lemb
_aOrganización
_xInvestigación
650 7 _2lemb
_aCooperación internacional
650 7 _2lemb
_aCaracterísticas nacionales
650 7 _2lemb
_aEtnopsicología
650 7 _2lemb
_aPluralismo cultural
700 1 _aHofstede, Gert Jan,
_eautor
942 _2lcc
_cLIB